Sport - Palmarès des nations Jeux paralympiques d'hiver depuis 1960 - Statistiques

Statistiques générales
  • Ce quiz a été pris 52 fois
  • Le résultat moyen est 27 sur 33
Statistiques - réponses
Rang
Nbre total
de médailles
Pays % Correct
6 163 CANADA
100%
29 1 CHINE
100%
4 260 ETATS-UNIS
100%
9 139 FRANCE
100%
3 315 NORVEGE
100%
11 95 SUEDE
100%
12 74 JAPON
98%
2 330 ALLEMAGNE
96%
15 39 ESPAGNE
96%
20 21 ROYAUME-UNI
96%
7 153 RUSSIE
96%
8 152 SUISSE
96%
5 182 FINLANDE
94%
18 34 AUSTRALIE
91%
26 2 BELGIQUE
91%
13 61 ITALIE
91%
1 332 AUTRICHE
89%
14 44 POLOGNE
89%
22 10 PAYS-BAS
87%
24 6 DANEMARK
83%
25 5 COREE DU SUD
79%
10 112 UKRAINE
79%
28 2 CROATIE
77%
21 15 TCHEQUIE
74%
31 1 ESTONIE
72%
16 37 SLOVAQUIE
72%
19 27 NOUVELLE-ZELANDE
70%
27 2 URSS
70%
30 1 YOUGOSLAVIE
57%
23 10 TCHECOSLOVAQUIE
55%
17 35 BIELORUSSIE
53%
32 1 KAZAKHSTAN
32%
33 1 LIECHTENSTEIN
32%
Aucun quiz correspondant
Distribution des résultats
% des personnes avec chaque résultat
Percentile par nombre de réponses
Votre historique - résultats
Vous n’avez pas pris ce quiz